Who Controls Our Schools (Record no. 37045)

MARC details
000 -LEADER
fixed length control field 00436nam a2200181Ia 4500
020 ## - INTERNATIONAL STANDARD BOOK NUMBER
ISBN 0-7167-1719-0
050 ## - CALL MARK
Classification number LA217.K57
100 ## - STATEMENT OF RESPONSIBILITY--MAIN AUTHOR NAME
Personal name Michael W. Kirst
245 #0 - TITLE STATEMENT
Title Who Controls Our Schools
260 ## - PUBLICATION, DISTRIBUTION, ETC. (IMPRINT)
Place of publication New York
260 ## - PUBLICATION, DISTRIBUTION, ETC. (IMPRINT)
Name of publisher W. H Freeman and Company
260 ## - PUBLICATION, DISTRIBUTION, ETC. (IMPRINT)
Year of publication 1984
300 ## - PHYSICAL DESCRIPTION
Number of Pages 177 p
650 ## - SUBJECT ADDED ENTRY--TOPICAL TERM
Topical Term Education - Unted States
942 ## - ADDED ENTRY ELEMENTS (KOHA)
Koha item type Books
Holdings
Withdrawn status Lost status Source of classification or shelving scheme Damaged status Not for loan Permanent Location Current Location Date acquired Accession Number Price effective from Koha item type
    Library of Congress Classification     NILE UNIVERSITY OF NIGERIA - MAIN LIBRARY NILE UNIVERSITY OF NIGERIA - MAIN LIBRARY 04/23/2025 0004812 04/23/2025 Books